000
00271nam a22001217a 4500
008
180129b xxu||||| |||| 00| 0 eng d
041
_a
eng
080
_a
94
100
_a
16
101
_a
HIS
245
_a
This fabulous century 1870 1900
_c
Shepley,J.R
942
_2
udc
_c
BK
999
_c
41106
_d
41106